Statistics for Name the nfl player based on their nickname

Click here to take the quiz!

General Stats

  • This quiz has been taken 9 times
  • The average score is 8 of 16

Answer Stats

HintAnswer% Correct
danny dimesdaniel jones
88%
primetimdeion sanders
88%
scary terryterry mclaurin
88%
dangerussrussel wilson
75%
cheetahtyreek hill
75%
the busjerome bettis
63%
broadway joejoe namath
63%
sweetnesswalter payton
63%
The Nigerian nightmarechristian okoye
50%
all dayadrian peterson
38%
big benben rothlisberger
38%
the refridgeratorwilliam perry
38%
bullet bobbob hayes
13%
moosedaryl johnston
0%
avatarjimmy graham
0%
the playmakermichael irvin
0%

Score Distribution

Percentile by Number Answered

Percent of People with Each Score

Your Score History

You have not taken this quiz